| 000 | 00818nam a22002537a 4500 | ||
|---|---|---|---|
| 003 | dpl | ||
| 005 | 20180827133653.0 | ||
| 008 | 180827b xxu||||| |||| 00| 0 eng d | ||
| 010 | _aA-904734 | ||
| 020 |
_a0074634526 _c00.00 |
||
| 035 | _aA-904734, A-904738 | ||
| 037 | _bCen Lib/Ret | ||
| 040 |
_aDPL _bEN _c0 |
||
| 082 |
_a005.736 _bVEL |
||
| 100 |
_aVelpuri, Rama _936119 |
||
| 245 |
_aOracle backup & recovery handbook, 7.3 edition / _cby Rama Velpuri |
||
| 260 |
_aNew Delhi _bTata McGraw Hill Bookb company _c1997 |
||
| 270 |
_a7 west patel nagar _bNew Delhi _e110008 |
||
| 300 |
_axvii, 422p. _c23cm(Hb) |
||
| 500 | _aIncludes index and appendix | ||
| 650 |
_aComputer science _936120 |
||
| 650 |
_aOracle backup & recovery _vHandbooks _936121 |
||
| 942 |
_2ddc _cEN _h005.736 _mVEL |
||
| 999 |
_c132913 _d132913 |
||